| 000 | 00818nam a2200241 a 4500 | ||
|---|---|---|---|
| 003 | DO-SdBNP | ||
| 005 | 20240315111350.0 | ||
| 006 | a||||gr|||| 00| 0 | ||
| 007 | ta | ||
| 008 | 190814s1996 000 spa d | ||
| 040 |
_aDO-SdBNP _bspa _cBNPHU _erda |
||
| 082 | 4 |
_bG633j _222 |
|
| 245 | 0 | 0 |
_aJoaquín Balaguer : _bmiembro de la Academia Argentina de Letras. / _cRecopilado por Víctor Gómez Berges. |
| 246 | 0 | 3 | _aBodas de diamante de Joaquín Balaguer con letras. |
| 264 | 1 |
_a[Santo Domingo] : _bTeatro Nacional, _c1996 |
|
| 300 |
_a68 páginas ; _c21 cm. |
||
| 336 |
_2rdacontent _atexto _btxt |
||
| 337 |
_2rdamedia _asin mediación _bn |
||
| 338 |
_2rdacarrier _avolumen _bnc |
||
| 590 | _aInventariado, 2023 / MF | ||
| 700 | 1 |
_aGómez Bergés, Víctor, _d1940-2023 _ecompilador _917774 |
|
| 942 |
_2ddc _cLBS1 |
||
| 999 |
_c48786 _d48786 |
||